[Event "4NCL Online Division 7"]
[Site "online"]
[Date "2021.03.09"]
[EventDate "2021.03.09"]
[Round "4.352"]
[White "Le Fevre, Stephen D"]
[WhiteElo "1338"]
[WhiteTeam "Wessex Some Stars H"]
[Black "Burke, Alexander"]
[BlackElo "1187"]
[BlackTeam "Manchester Juniors D"]
[Result "1-0"]
[PlyCount "149"]

1. Nf3 Nc6 2. d4 d5 3. Bf4 Nf6 4. e3 Bg4 5. Be2 Bxf3 6. Bxf3 e6 7. O-O Be7 8. c3 O-O 9. Qc2 Re8 10. Nd2 Nd7 11. e4 dxe4 12. Bxe4 f5 13. Bd3 Bg5 14. Bxg5 Qxg5 15. Nf3 Qg4 16. Qd2 h6 17. h3 Qh5 18. Rfe1 Nf6 19. Be2 Qg6 20. Ne5 Nxe5 21. dxe5 Ne4 22. Qe3 Red8 23. Rad1 Rf8 24. f4 b6 25. Rd7 Rfd8 26. Red1 Rxd7 27. Rxd7 c5 28. Qd3 Kh7 29. Bf3 Qg3 30. Bxe4 Qe1+ 31. Kh2 fxe4 32. Qg3 Qxg3+ 33. Kxg3 Rf8 34. Rd6 e3 35. Kf3 g5 36. Kxe3 gxf4+ 37. Kf3 Rf7 38. Rxe6 Kg7 39. c4 Rd7 40. Rd6 Re7 41. Kxf4 h5 42. Kf5 h4 43. e6 Re8 44. Kg5 a5 45. Rd7+ Kh8 46. Kf6 Rf8+ 47. Rf7 Re8 48. e7 Kg8 49. Rf8+ Rxf8+ 50. exf8=Q+ Kxf8 51. Kg5 Kg7 52. Kxh4 Kh6 53. Kg4 Kg6 54. Kf4 Kf6 55. g4 Kg7 56. Ke5 Kf7 57. Kd6 Kg6 58. Kc6 Kg5 59. Kxb6 Kh4 60. Kxc5 Kxh3 61. g5 Kg4 62. g6 Kg5 63. g7 Kg6 64. g8=Q+ Kf6 65. Kb5 Kf5 66. Kxa5 Ke4 67. Qd5+ Ke3 68. c5 Kf4 69. c6 Ke3 70. c7 Kf2 71. c8=Q Ke2 72. Qe8+ Kf2 73. Qf5+ Kg3 74. Qg8+ Kh4 75. Qfh7# 1-0

[Event "4NCL Online Division 7"]
[Site "online"]
[Date "2021.03.09"]
[EventDate "2021.03.09"]
[Round "4.353"]
[White "Eccleston, Rowan"]
[WhiteElo "1181"]
[WhiteTeam "Manchester Juniors D"]
[Black "Lucas, Janet"]
[BlackElo "1120"]
[BlackTeam "Wessex Some Stars H"]
[Result "1-0"]
[PlyCount "127"]

1. e4 e5 2. Nf3 Nc6 3. Bb5 a6 4. Bxc6 dxc6 5. Nxe5 Qd4 6. Qh5 g6 7. c3 gxh5 8. cxd4 Nf6 9. Nc3 Bd6 10. O-O c5 11. Nf3 cxd4 12. Nxd4 c5 13. Nf5 Bxf5 14. exf5 O-O 15. d3 Rfe8 16. Bg5 Nd7 17. Nd5 f6 18. Bxf6 Rf8 19. Bc3 Rxf5 20. Ne3 Rf7 21. Rae1 b5 22. b3 b4 23. Bb2 a5 24. Re2 Be5 25. Nc4 Bxb2 26. Nxb2 Kg7 27. Re3 Nf6 28. Nc4 Nd5 29. Re5 Rd8 30. Nxa5 Nc3 31. Rxh5 Ne2+ 32. Kh1 Rxd3 33. Re1 Rxf2 34. Re5 Nf4 35. g3 Ng2 36. Re7+ Kh6 37. R1e6+ Kg5 38. Re5+ Kf6 39. R5e6+ Kg5 40. Re5+ Kf6 41. R5e6+ Kg5 42. Rg7+ Kf5 43. Rf7+ Kxe6 44. Rxf2 Ne3 45. h4 Rd1+ 46. Kh2 Ng4+ 47. Kg2 Ke5 48. Nc4+ Kd5 49. Rf7 Re1 50. Rxh7 Re6 51. Kh3 Nf6 52. Rh6 Ke4 53. g4 Kd3 54. g5 Re3+ 55. Nxe3 Ne4 56. Nf5 Nc3 57. Ra6 Kc2 58. g6 Kb2 59. g7 Nxa2 60. g8=Q Ka1 61. Qg2 Kb1 62. Qxa2+ Kc1 63. Qg2 c4 64. Ra1# 1-0

[Event "4NCL Online Division 7"]
[Site "online"]
[Date "2021.03.09"]
[EventDate "2021.03.09"]
[Round "4.354"]
[White "Wright, George A"]
[WhiteElo "1082"]
[WhiteTeam "Wessex Some Stars H"]
[Black "Fung, Marcus"]
[BlackElo "1087"]
[BlackTeam "Manchester Juniors D"]
[Result "0-1"]
[PlyCount "124"]

1. e4 e5 2. Nf3 Nc6 3. Bc4 Bc5 4. c3 d6 5. h3 f5 6. d3 f4 7. d4 Bb6 8. dxe5 dxe5 9. Qxd8+ Kxd8 10. Ng5 Nh6 11. O-O Ke7 12. b3 Na5 13. Be2 Nf7 14. Nf3 Nc6 15. Ba3+ Nd6 16. Nbd2 Be6 17. c4 Ba5 18. Rad1 Rag8 19. c5 Nf7 20. Nc4 Bb4 21. Bb2 Bxc4 22. Bxc4 Bxc5 23. Rd5 Bd6 24. Rfd1 g5 25. Kf1 h5 26. Ke2 g4 27. Nh4 Rg5 28. Nf5+ Kd7 29. h4 Rg6 30. a4 Ne7 31. Nxe7 Kxe7 32. b4 Rd8 33. b5 c6 34. bxc6 bxc6 35. R5d3 a5 36. Ba3 Bxa3 37. Rxa3 Rxd1 38. Kxd1 Nd6 39. Bd3 Nb7 40. Kd2 Rd6 41. Rc3 c5 42. Kc2 Rd4 43. g3 fxg3 44. fxg3 Rxa4 45. Bb5 Rxe4 46. Kd3 Rd4+ 47. Ke3 Kf6 48. Ba6 Nd6 49. Rxc5 Re4+ 50. Kd3 Ra4 51. Ke2 Ra2+ 52. Kd3 e4+ 53. Kd4 a4 54. Rxh5 a3 55. Rh6+ Ke7 56. Rh7+ Ke6 57. Rh6+ Kd7 58. Kd5 Rd2+ 59. Kc5 a2 60. Rh7+ Kd8 61. Kc6 a1=Q 62. Rd7+ Ke8 0-1

[Event "4NCL Online Division 7"]
[Site "online"]
[Date "2021.03.23"]
[EventDate "2021.03.23"]
[Round "5.11"]
[White "Okike, David"]
[WhiteTitle "CM"]
[WhiteElo "2213"]
[WhiteTeam "Kings Head"]
[Black "Toczek, Grzegorz"]
[BlackTitle "FM"]
[BlackElo "2307"]
[BlackTeam "Newport A"]
[Result "0-1"]
[PlyCount "84"]

1. e4 c6 2. d4 d5 3. e5 c5 4. Nf3 Nc6 5. dxc5 Bg4 6. Bb5 Qa5+ 7. Nc3 e6 8. Bd2 Qc7 9. O-O Bxc5 10. Bf4 Ne7 11. h3 Bxf3 12. Qxf3 O-O 13. Bd3 Ng6 14. Qh5 a6 15. Rae1 Bd4 16. Bg3 Nb4 17. Bxg6 hxg6 18. Qg4 Bxc3 19. bxc3 Nxa2 20. h4 Nxc3 21. h5 gxh5 22. Qxh5 Ne4 23. Bf4 f5 24. Re3 Qf7 25. Qh4 Qg6 26. Rh3 Kf7 27. f3 Rh8 28. Qxh8 Rxh8 29. Rxh8 Ng3 30. Re1 Nh5 31. Bd2 f4 32. Rc1 Qg5 33. Bc3 Ng3 34. Kf2 Nf5 35. Rb1 b5 36. Ra1 d4 37. Bd2 Ne3 38. Rh2 Qxe5 39. Rxa6 Qc5 40. Rh4 e5 41. Ra1 d3 42. Rhh1 Nxc2+ 0-1

[Event "4NCL Online Division 7"]
[Site "online"]
[Date "2021.03.23"]
[EventDate "2021.03.23"]
[Round "5.12"]
[White "Rakos, Adam"]
[WhiteElo "2157"]
[WhiteTeam "Newport A"]
[Black "Kwiatkowski, Feliks J"]
[BlackTitle "CM"]
[BlackElo "2271"]
[BlackTeam "Kings Head"]
[Result "1-0"]
[PlyCount "117"]

1. d4 Nf6 2. Nf3 g6 3. c4 Bg7 4. Nc3 d5 5. cxd5 Nxd5 6. g3 O-O 7. Bg2 c5 8. O-O Nc6 9. dxc5 Nxc3 10. bxc3 Qa5 11. Be3 Rd8 12. Qb3 Qxc3 13. Rab1 Qxb3 14. Rxb3 Rb8 15. Bf4 e5 16. Nxe5 Bxe5 17. Bxc6 Bxf4 18. gxf4 Be6 19. Rxb7 Rbc8 20. Be4 Rxc5 21. Rxa7 Rd2 22. Bd3 Bxa2 23. Ra1 Bd5 24. Re7 Kg7 25. Re5 Ra2 26. Re1 Raa5 27. f3 Be6 28. Rxc5 Rxc5 29. Kf2 Kf6 30. Rb1 Rh5 31. Kg3 Rh3+ 32. Kg2 Rh4 33. e3 Rh5 34. Rb6 Rc5 35. e4 Rc3 36. Bb1 Rb3 37. Rxb3 Bxb3 38. h4 h6 39. Kg3 Bc4 40. h5 Be2 41. e5+ Kg7 42. hxg6 fxg6 43. f5 gxf5 44. Bxf5 Bd1 45. Bd3 Kf7 46. f4 Ke6 47. Kh4 Bf3 48. Kg3 Bd1 49. Ba6 Bc2 50. Bc8+ Ke7 51. f5 Kd8 52. Be6 Ke7 53. Kf4 Bd3 54. Bd5 Bc2 55. f6+ Kf8 56. e6 Bg6 57. Ke5 h5 58. e7+ Ke8 59. Bc6+ 1-0

[Event "4NCL Online Division 7"]
[Site "online"]
[Date "2021.03.23"]
[EventDate "2021.03.23"]
[Round "5.13"]
[White "Mackenzie, Colin"]
[WhiteElo "2046"]
[WhiteTeam "Kings Head"]
[Black "Yeo, Gareth"]
[BlackElo "2133"]
[BlackTeam "Newport A"]
[Result "1-0"]
[PlyCount "67"]

1. c4 e5 2. g3 Nf6 3. Bg2 c6 4. d4 e4 5. Nc3 d5 6. cxd5 cxd5 7. Bg5 Nbd7 8. Qb3 Bd6 9. Nh3 h6 10. Nb5 Bb8 11. Bf4 Bxf4 12. Nxf4 Qa5+ 13. Nc3 Nb6 14. a3 O-O 15. h4 Bd7 16. Qa2 Na4 17. Nxd5 Be6 18. b4 Qd8 19. Nxf6+ Qxf6 20. Qd2 Nxc3 21. Qxc3 Rac8 22. Qe3 Bf5 23. O-O Rc4 24. Rad1 Rd8 25. Bxe4 Bxe4 26. Qxe4 b6 27. e3 Rc3 28. Rd3 Rc2 29. d5 Qd6 30. Kg2 Kf8 31. Rd4 Rc3 32. Qh7 Qf6 33. Rf4 Qe5 34. Re4 1-0

[Event "4NCL Online Division 7"]
[Site "online"]
[Date "2021.03.23"]
[EventDate "2021.03.23"]
[Round "5.14"]
[White "Graczyk-Gibiec, Barbara"]
[WhiteElo "1930"]
[WhiteTeam "Newport A"]
[Black "Thatte, Nishchal"]
[BlackElo "1966"]
[BlackTeam "Kings Head"]
[Result "0-1"]
[PlyCount "116"]

1. d4 Nf6 2. Bg5 d5 3. e3 c5 4. c3 Nc6 5. Nf3 Qb6 6. Qb3 c4 7. Qxb6 axb6 8. Na3 Ra5 9. Nc2 Bf5 10. Kd1 h6 11. Bf4 e6 12. Be2 Kd7 13. Nd2 b5 14. a3 Bd6 15. Bxd6 Kxd6 16. f3 Rha8 17. Rc1 Ne7 18. g4 Bh7 19. h3 Nc8 20. Re1 Nb6 21. Bf1 Na4 22. Rb1 Re8 23. e4 Kc7 24. Kc1 Raa8 25. Ra1 Ng8 26. Bg2 Ne7 27. Nf1 Ng6 28. Nb4 Nf4 29. Ne3 Rad8 30. exd5 exd5 31. Nbxd5+ Nxd5 32. Nxd5+ Kd6 33. Ne3 Re7 34. Ra2 Rde8 35. Kd2 g5 36. Bf1 Re6 37. Nxc4+ bxc4 38. Rxe6+ Rxe6 39. Bxc4 Rf6 40. b3 Nb6 41. Be2 Nd5 42. c4 Nf4 43. Bf1 Nxh3 44. Be2 Ng1 45. Ke3 Re6+ 46. Kf2 Bb1 47. Rb2 Rxe2+ 48. Rxe2 Nxe2 49. Kxe2 Ba2 50. Kd3 Bxb3 51. Kc3 Bd1 52. Kb4 Bxf3 53. Kb5 Bxg4 54. Kb6 Bf3 55. d5 g4 56. Kxb7 g3 57. Kb6 g2 58. c5+ Kxd5 0-1

[Event "4NCL Online Division 7"]
[Site "online"]
[Date "2021.03.23"]
[EventDate "2021.03.23"]
[Round "5.21"]
[White "Bucher, Goetz"]
[WhiteElo "1969"]
[WhiteTeam "Bearsden Grizzlies"]
[Black "Jarmany, David"]
[BlackElo "2306"]
[BlackTeam "Hackney Spice Boys"]
[Result "0-1"]
[PlyCount "42"]

1. e4 e5 2. f4 exf4 3. Nf3 d5 4. exd5 c6 5. Nc3 Nf6 6. d4 cxd5 7. Bxf4 Bd6 8. Bb5+ Nc6 9. Bxd6 Qxd6 10. O-O O-O 11. Bxc6 bxc6 12. Ne5 Ba6 13. Nd3 Rae8 14. Re1 Rxe1+ 15. Qxe1 Bxd3 16. cxd3 Ng4 17. Qh4 Qf4 18. Rf1 Qxd4+ 19. Kh1 Qxd3 20. Rd1 Qc4 21. h3 Ne3 0-1

[Event "4NCL Online Division 7"]
[Site "online"]
[Date "2021.03.23"]
[EventDate "2021.03.23"]
[Round "5.22"]
[White "Wright, Robert"]
[WhiteElo "1975"]
[WhiteTeam "Hackney Spice Boys"]
[Black "Watt, David A"]
[BlackElo "1921"]
[BlackTeam "Bearsden Grizzlies"]
[Result "1-0"]
[PlyCount "91"]

1. e4 c5 2. Nf3 Nc6 3. d4 cxd4 4. Nxd4 g6 5. c4 Nf6 6. Nc3 Nxd4 7. Qxd4 d6 8. Bg5 Bg7 9. Be2 O-O 10. Qe3 Be6 11. O-O a6 12. Rac1 Re8 13. b3 Qa5 14. Rc2 Rac8 15. Rfc1 Qc5 16. Qg3 h6 17. Be3 Qc6 18. Bf3 Qc7 19. Nd5 Bxd5 20. exd5 Qd7 21. Qh4 h5 22. h3 Qf5 23. Be2 Qe4 24. Qg5 Nh7 25. Qg3 h4 26. Qh2 Be5 27. Qh1 Qf5 28. Bg4 Qf6 29. Bxc8 Rxc8 30. Rf1 Qf5 31. Rcc1 Bb2 32. Rb1 Be5 33. f4 Qd3 34. Rfe1 Bc3 35. Rbd1 Qc2 36. Rc1 Qd3 37. Rcd1 Qc2 38. Rc1 Qd3 39. Rxc3 Qxc3 40. Kh2 Nf6 41. Qf1 Kg7 42. Qe2 Ne4 43. Bc1 Qg3+ 44. Kg1 f5 45. Bb2+ Kh6 46. Rf1 1-0

[Event "4NCL Online Division 7"]
[Site "online"]
[Date "2021.03.23"]
[EventDate "2021.03.23"]
[Round "5.23"]
[White "Colston, Rob"]
[WhiteElo "1874"]
[WhiteTeam "Bearsden Grizzlies"]
[Black "Friel, Jamie"]
[BlackElo "1720"]
[BlackTeam "Hackney Spice Boys"]
[Result "1-0"]
[PlyCount "65"]

1. e4 g6 2. d4 Bg7 3. Nc3 d6 4. Be3 Nd7 5. Qd2 Ngf6 6. f3 a6 7. h4 h5 8. Nh3 b5 9. a4 b4 10. Nd1 a5 11. Ng5 O-O 12. c3 c5 13. Be2 Ba6 14. O-O Qc7 15. Nf2 Nh7 16. Nxh7 Kxh7 17. Nh3 Rfd8 18. Bxa6 Rxa6 19. Qe2 Raa8 20. f4 Nf6 21. f5 Nxe4 22. fxg6+ fxg6 23. Bf4 Nf6 24. Ng5+ Kg8 25. Qe6+ Kh8 26. Nf7+ Kh7 27. Nxd8 Rxd8 28. Rae1 Re8 29. dxc5 Qxc5+ 30. Be3 Qc7 31. Bd4 Qd7 32. Rxf6 Bxf6 33. Qxd7 1-0

[Event "4NCL Online Division 7"]
[Site "online"]
[Date "2021.03.23"]
[EventDate "2021.03.23"]
[Round "5.24"]
[White "Corrigan, James"]
[WhiteElo "1626"]
[WhiteTeam "Hackney Spice Boys"]
[Black "Callison, S"]
[BlackElo "1689"]
[BlackTeam "Bearsden Grizzlies"]
[Result "0-1"]
[PlyCount "92"]

1. e4 c5 2. Nf3 Nc6 3. d4 cxd4 4. Nxd4 e5 5. Nb5 a6 6. Nd6+ Bxd6 7. Qxd6 Qf6 8. Qxf6 Nxf6 9. Nc3 Nb4 10. Bd3 Nxd3+ 11. cxd3 h6 12. Be3 d5 13. Bc5 Be6 14. Bd6 dxe4 15. dxe4 Nd7 16. O-O f6 17. Rfd1 Rc8 18. Rd2 Nb6 19. Bb4 Nc4 20. Rc2 a5 21. Ba3 Nxa3 22. bxa3 O-O 23. Rac1 Rc4 24. Nb5 Rfc8 25. Rxc4 Rxc4 26. Rxc4 Bxc4 27. Nd6 Ba6 28. f3 b6 29. Nf5 Bc4 30. Kf2 Bxa2 31. Ke3 Be6 32. Nd6 Kf8 33. Kd3 Ke7 34. Nc4 Bxc4+ 35. Kxc4 Kd6 36. Kb5 Kc7 37. Kc4 Kc6 38. a4 g6 39. g4 g5 40. h3 Kd6 41. Kb5 Kc7 42. Kc4 Kc6 43. Kd3 Kc5 44. Kc3 b5 45. axb5 Kxb5 46. Kb3 a4+ 0-1

[Event "4NCL Online Division 7"]
[Site "online"]
[Date "2021.03.23"]
[EventDate "2021.03.23"]
[Round "5.31"]
[White "Eagleton, Greg T"]
[WhiteElo "2078"]
[WhiteTeam "Hebden Bridge 1"]
[Black "Carpenter, Martin"]
[BlackElo "2014"]
[BlackTeam "Eagle and Child"]
[Result "1/2-1/2"]
[PlyCount "72"]

1. d4 Nf6 2. c4 e6 3. Nf3 Bb4+ 4. Bd2 a5 5. g3 b6 6. Bg2 Bb7 7. a3 Be7 8. Nc3 O-O 9. Qc2 Na6 10. O-O c5 11. e4 cxd4 12. Nxd4 d6 13. Rfd1 Qc8 14. b3 Rd8 15. h3 Nc5 16. Be3 Rd7 17. g4 Qd8 18. Ndb5 Rc8 19. f4 d5 20. e5 Nfe4 21. Nxe4 dxe4 22. Nc3 Rd3 23. Bxe4 Bxe4 24. Nxe4 Rxe3 25. Rxd8+ Rxd8 26. Nd6 Bxd6 27. exd6 Rxd6 28. Rd1 Nd3 29. b4 axb4 30. axb4 g5 31. fxg5 Rxh3 32. c5 bxc5 33. bxc5 Rd4 34. Qg2 Rh4 35. Qa8+ Kg7 36. Rxd3 Rhxg4+ 1/2-1/2

[Event "4NCL Online Division 7"]
[Site "online"]
[Date "2021.03.23"]
[EventDate "2021.03.23"]
[Round "5.32"]
[White "Bedi, Adam"]
[WhiteElo "1954"]
[WhiteTeam "Eagle and Child"]
[Black "Clarkson, Andrew"]
[BlackElo "2043"]
[BlackTeam "Hebden Bridge 1"]
[Result "0-1"]
[PlyCount "98"]

1. d4 Nf6 2. c4 g6 3. g3 d5 4. Bg2 dxc4 5. Nf3 Bg7 6. O-O O-O 7. Na3 c5 8. Nxc4 Be6 9. b3 cxd4 10. Nxd4 Bd5 11. Bb2 Bxg2 12. Kxg2 Qd5+ 13. Nf3 Qh5 14. Rb1 Nc6 15. h3 Rfd8 16. Qe1 Rac8 17. Nce5 Nxe5 18. Bxe5 Qf5 19. Qb4 Nd5 20. Qg4 Qxg4 21. hxg4 Bxe5 22. Nxe5 Rc2 23. Rfe1 f6 24. Nd3 Nc3 25. Rbc1 Rxc1 26. Nxc1 Rd2 27. a4 a5 28. Kf3 e5 29. Ke3 Rd4 30. Kf3 Kf7 31. e4 Ke6 32. Re3 Nb1 33. Ke2 b6 34. f4 Nd2 35. f5+ Kf7 36. Rd3 Nxe4 37. Rxd4 exd4 38. Kd3 Nxg3 39. fxg6+ Kxg6 40. Kxd4 Kg5 41. Nd3 Kxg4 42. b4 h5 43. bxa5 bxa5 44. Kc4 h4 45. Kb5 Kf3 46. Ne1+ Kf2 47. Nd3+ Ke3 48. Ne1 h3 49. Kxa5 Ke2 0-1

[Event "4NCL Online Division 7"]
[Site "online"]
[Date "2021.03.23"]
[EventDate "2021.03.23"]
[Round "5.33"]
[White "Shapland, David"]
[WhiteElo "1924"]
[WhiteTeam "Hebden Bridge 1"]
[Black "Weber, Simon"]
[BlackElo "1654"]
[BlackTeam "Eagle and Child"]
[Result "0-1"]
[PlyCount "104"]

1. e4 c6 2. Ne2 d5 3. e5 Bf5 4. Ng3 Bg6 5. h4 h5 6. e6 fxe6 7. d4 Qd6 8. Bd3 Bxd3 9. Qxd3 e5 10. dxe5 Qxe5+ 11. Be3 Qf6 12. Nd2 Nd7 13. Nf3 e5 14. Bg5 Qe6 15. O-O-O Ne7 16. Rhe1 O-O-O 17. Qa3 Kb8 18. Be3 Nc8 19. Qa5 Bd6 20. Bg5 Bc7 21. Qa3 Rde8 22. Nd4 Qf7 23. Ndf5 g6 24. Nh6 Qg7 25. Kb1 Rxh6 26. Bxh6 Qxh6 27. Qa4 Rf8 28. Ne2 Rxf2 29. g3 Qf8 30. Nc3 Qf5 31. Re2 Rf1 32. Rd2 Nc5 33. Qa3 Bd6 34. b4 Na6 35. Qb3 Bxb4 36. Rd3 Nb6 37. Rxf1 Qxf1+ 38. Rd1 Qf5 39. Kb2 Nc4+ 40. Ka1 e4 41. Ne2 Ba3 42. Nd4 Qf6 43. c3 Nc5 44. Qc2 Nd3 45. Kb1 Ne3 46. Qb3 Nxd1 47. Qxa3 Qf2 48. Nc2 Qd2 49. Qf8+ Kc7 50. Qe7+ Kb6 51. Qd8+ Ka6 52. Qd6 Qc1# 0-1

[Event "4NCL Online Division 7"]
[Site "online"]
[Date "2021.03.23"]
[EventDate "2021.03.23"]
[Round "5.34"]
[White "Payne, Phillip"]
[WhiteElo "1232"]
[WhiteTeam "Eagle and Child"]
[Black "Leonard, Pete"]
[BlackElo "1874"]
[BlackTeam "Hebden Bridge 1"]
[Result "1-0"]
[PlyCount "63"]

1. e4 Nf6 2. e5 Nd5 3. d4 d6 4. Nf3 dxe5 5. Nxe5 c6 6. c4 Nf6 7. Nc3 Nbd7 8. f4 e6 9. Be3 Qa5 10. Bd3 c5 11. d5 exd5 12. cxd5 Bd6 13. Nc4 Qa6 14. g4 h5 15. Qe2 O-O 16. g5 Re8 17. O-O Ng4 18. Ne4 Bf8 19. Ncd6 Rxe4 20. Nxe4 Qb6 21. d6 Nxe3 22. Qxe3 Qc6 23. Rae1 b6 24. Ng3 Qxd6 25. Be4 Rb8 26. Rd1 Qc7 27. Nxh5 c4 28. Qh3 g6 29. Rxd7 Bc5+ 30. Kg2 Bxd7 31. Nf6+ Kg7 32. Qh6# 1-0

[Event "4NCL Online Division 7"]
[Site "online"]
[Date "2021.03.23"]
[EventDate "2021.03.23"]
[Round "5.41"]
[White "Doherty, Paul"]
[WhiteElo "1747"]
[WhiteTeam "Bolton and Worsley 2"]
[Black "Pink, Joshua"]
[BlackElo "1990"]
[BlackTeam "Throw in the Tal"]
[Result "0-1"]
[PlyCount "122"]

1. d3 d5 2. Nf3 Nc6 3. c3 e5 4. Qa4 Bd6 5. e4 dxe4 6. dxe4 Nf6 7. Bg5 Bd7 8. Qc2 h6 9. Bh4 Qe7 10. Nbd2 O-O-O 11. Be2 Kb8 12. O-O g5 13. Bg3 h5 14. h4 g4 15. Ne1 Rhf8 16. b4 Qe8 17. a4 Ne7 18. Nc4 Ng6 19. Bd3 Qe7 20. Nxd6 cxd6 21. f4 Nxf4 22. Bxf4 exf4 23. Rxf4 g3 24. Nf3 Bg4 25. Rf1 Nd7 26. Ng5 Ne5 27. Be2 f6 28. Nf3 Ng6 29. Nd4 Nxf4 30. Rxf4 f5 31. Bxg4 fxg4 32. Nf5 Rxf5 33. Rxf5 Qxh4 34. Qd3 Qh2+ 35. Kf1 Qh1+ 36. Ke2 Qxg2+ 37. Kd1 Qg1+ 38. Rf1 Qh2 39. Rf8 Qg1+ 40. Rf1 Qb6 41. Qxg3 Qa6 42. Rf5 Qxa4+ 43. Kd2 Qa2+ 44. Kd3 Qb1+ 45. Kd4 Qd1+ 46. Ke3 Rc8 47. Kf4 Qd2+ 48. Qe3 Qxe3+ 49. Kxe3 Rxc3+ 50. Kd4 Rh3 51. Kd5 Kc7 52. Rf7+ Kb6 53. Kxd6 g3 54. e5 g2 55. Rg7 Rd3+ 56. Ke7 Rd2 57. e6 h4 58. Kf8 Re2 59. e7 Rxe7 60. Kxe7 h3 61. Rg6+ Kb5 0-1

[Event "4NCL Online Division 7"]
[Site "online"]
[Date "2021.03.23"]
[EventDate "2021.03.23"]
[Round "5.42"]
[White "Goodwin, Ed H"]
[WhiteElo "1838"]
[WhiteTeam "Throw in the Tal"]
[Black "Lamb, Ian"]
[BlackElo "1635"]
[BlackTeam "Bolton and Worsley 2"]
[Result "0-1"]
[PlyCount "50"]

1. d4 e6 2. e4 d5 3. exd5 exd5 4. Nf3 Bg4 5. Be2 Bd6 6. Bg5 f6 7. Bh4 Ne7 8. Bg3 c6 9. c3 Qc7 10. Nbd2 Nd7 11. Qb3 O-O-O 12. O-O g5 13. Qa4 Kb8 14. b4 h5 15. Nb3 Bxf3 16. Bxd6 Qxd6 17. Bxf3 g4 18. Be2 f5 19. Nc5 h4 20. Rfb1 g3 21. fxg3 hxg3 22. Nd3 Rxh2 23. Bf3 Rdh8 24. Kf1 Qe6 25. Kg1 Rh1# 0-1

[Event "4NCL Online Division 7"]
[Site "online"]
[Date "2021.03.23"]
[EventDate "2021.03.23"]
[Round "5.43"]
[White "Busznyak, Arpad"]
[WhiteElo "1593"]
[WhiteTeam "Bolton and Worsley 2"]
[Black "Woolgar, Steven G"]
[BlackElo "1636"]
[BlackTeam "Throw in the Tal"]
[Result "1-0"]
[PlyCount "83"]

1. d4 Nf6 2. c4 e6 3. Nc3 Bb4 4. Nf3 b6 5. a3 Bxc3+ 6. bxc3 Bb7 7. e3 O-O 8. Bd3 d5 9. cxd5 Bxd5 10. O-O Nbd7 11. Re1 Be4 12. h3 c5 13. Ng5 Bxd3 14. Qxd3 h6 15. Nf3 Qc7 16. Bb2 c4 17. Qc2 Qc6 18. e4 Rae8 19. a4 Kh8 20. Ba3 Rg8 21. Bc1 a6 22. a5 b5 23. Ba3 Qc7 24. Bb4 e5 25. d5 Nc5 26. Rad1 Nd3 27. Re3 Nd7 28. Nh4 N7c5 29. Nf5 Nxb4 30. cxb4 Nd3 31. Rdxd3 cxd3 32. Qxc7 d2 33. Rd3 Rc8 34. Qxe5 Rc1+ 35. Kh2 d1=Q 36. Rxd1 Rxd1 37. Qc7 f6 38. Qc6 Rd2 39. f3 Rd3 40. Qxa6 Rb8 41. Qa7 Rg8 42. Qb7 1-0

[Event "4NCL Online Division 7"]
[Site "online"]
[Date "2021.03.23"]
[EventDate "2021.03.23"]
[Round "5.44"]
[White "Hayes, Solomon"]
[WhiteElo "1454"]
[WhiteTeam "Throw in the Tal"]
[Black "Houlston, Michael"]
[BlackElo "1450"]
[BlackTeam "Bolton and Worsley 2"]
[Result "1-0"]
[PlyCount "103"]

1. e4 e6 2. d4 a6 3. c4 c5 4. d5 e5 5. Nc3 d6 6. Bd3 Nf6 7. Nge2 Bg4 8. h3 Bd7 9. O-O Be7 10. f4 h6 11. f5 Nh7 12. Ng3 Ng5 13. Qh5 Bf6 14. Be3 b6 15. Nd1 b5 16. Nf2 bxc4 17. Bxc4 Bb5 18. b3 Nd7 19. Qe2 Bxc4 20. bxc4 Rb8 21. Nh5 Qe7 22. Bd2 O-O 23. Qg4 Rb2 24. Be3 Rb4 25. h4 Rxc4 26. hxg5 Bxg5 27. Kh1 Nf6 28. Bxg5 hxg5 29. Qxg5 Nxh5 30. Qxe7 Ng3+ 31. Kg1 Ne2+ 32. Kh2 Rc3 33. Rae1 Ng3 34. Rg1 Nh5 35. Qh4 Nf6 36. g4 Rf3 37. g5 Nh7 38. f6 Rf4 39. Rg4 Rf3 40. fxg7 Kxg7 41. Qh6+ Kg8 42. g6 Rxf2+ 43. Kg3 Nf6 44. gxf7+ Kxf7 45. Qg6+ Ke7 46. Qg7+ Ke8 47. Qg6+ Ke7 48. Rh4 Rf3+ 49. Kxf3 Nxd5+ 50. Kg3 Nf6 51. Rh7+ Ke6 52. Qf5# 1-0

[Event "4NCL Online Division 7"]
[Site "online"]
[Date "2021.03.23"]
[EventDate "2021.03.23"]
[Round "5.51"]
[White "Tzanidakis, Michail"]
[WhiteElo "1670"]
[WhiteTeam "Guildford Castles 3"]
[Black "O'Gorman, Alice"]
[BlackElo "1916"]
[BlackTeam "RCSI Team 1"]
[Result "0-1"]
[PlyCount "120"]

1. e4 e5 2. Nf3 Nf6 3. Nc3 Nc6 4. g3 d5 5. exd5 Nxd5 6. Bg2 Be6 7. O-O f6 8. d4 Nxc3 9. bxc3 e4 10. Qe2 Qd7 11. Qxe4 O-O-O 12. Re1 Bd5 13. Qe2 Na5 14. Nd2 Kb8 15. Bxd5 Qxd5 16. Qe6 Qh5 17. Rb1 Bd6 18. Qe2 Qxe2 19. Rxe2 h5 20. Bb2 h4 21. Rbe1 c6 22. c4 b6 23. Bc3 Nb7 24. Ne4 Bc7 25. Nd2 Bd6 26. Nf3 h3 27. Nh4 Rhf8 28. Ng6 Rg8 29. Bd2 Ba3 30. c3 Na5 31. c5 bxc5 32. Bf4+ Kb7 33. Re7+ Ka6 34. Bc7 Ra8 35. Bd6 Nb7 36. dxc5 Bxc5 37. Bxc5 Nxc5 38. f4 Rab8 39. R1e2 Nd3 40. Kf1 Rb1+ 41. Re1 Nxe1 42. Rxe1 Rxe1+ 43. Kxe1 Re8+ 44. Kf2 Rb8 45. g4 Rb2+ 46. Kg3 Rxa2 47. Kxh3 Rc2 48. g5 Rxc3+ 49. Kg4 fxg5 50. fxg5 Kb5 51. h4 a5 52. h5 Rc4+ 53. Nf4 Rd4 54. Kf5 a4 55. Ne6 Rd5+ 56. Kg6 Rd6 57. Kf7 Rxe6 58. Kxe6 a3 59. h6 gxh6 60. g6 a2 0-1

[Event "4NCL Online Division 7"]
[Site "online"]
[Date "2021.03.23"]
[EventDate "2021.03.23"]
[Round "5.52"]
[White "Singh, Mahendra"]
[WhiteElo "1872"]
[WhiteTeam "RCSI Team 1"]
[Black "Gunn, Michael J"]
[BlackElo "1582"]
[BlackTeam "Guildford Castles 3"]
[Result "1-0"]
[PlyCount "59"]

1. Nf3 d5 2. d3 c5 3. g3 Nc6 4. Bg2 e5 5. O-O Nf6 6. Nc3 d4 7. Nb1 Be7 8. e3 O-O 9. e4 h6 10. h3 Be6 11. Kh2 Qd7 12. Nbd2 b5 13. Ng1 Bd6 14. f4 exf4 15. gxf4 Bxf4+ 16. Rxf4 Qd6 17. Nf1 g5 18. e5 Qxe5 19. Bxc6 gxf4 20. Bxa8 Rxa8 21. Qf3 Bd5 22. Qxf4 Qe1 23. Qxf6 Re8 24. Bxh6 Re2+ 25. Nxe2 Qxe2+ 26. Kg3 Qg2+ 27. Kh4 Be6 28. Qg7+ Qxg7 29. Bxg7 Kxg7 30. Ng3 1-0

[Event "4NCL Online Division 7"]
[Site "online"]
[Date "2021.03.23"]
[EventDate "2021.03.23"]
[Round "5.53"]
[White "Celebi, Serhan"]
[WhiteElo "1547"]
[WhiteTeam "Guildford Castles 3"]
[Black "Elhadi, Aymen"]
[BlackElo "1853"]
[BlackTeam "RCSI Team 1"]
[Result "1-0"]
[PlyCount "95"]

1. e4 c5 2. Nf3 d6 3. d4 cxd4 4. Nxd4 Nf6 5. f3 e5 6. Nb3 a6 7. c4 Be7 8. Nc3 O-O 9. Be3 Be6 10. Be2 Qc7 11. Rc1 Nbd7 12. Nd5 Bxd5 13. cxd5 Nc5 14. O-O Rac8 15. Qd2 Nfd7 16. Na5 Qd8 17. b4 Na4 18. Nxb7 Qe8 19. Na5 f5 20. Rxc8 Qxc8 21. Rc1 Qe8 22. Bxa6 fxe4 23. fxe4 Nf6 24. Bd3 Ng4 25. Nc6 Bh4 26. g3 Qg6 27. Kh1 Qf7 28. Rf1 Qxf1+ 29. Bxf1 Rxf1+ 30. Kg2 Rb1 31. Kh3 Rb2 32. Qe1 Rxh2+ 33. Kxg4 h5+ 34. Kf5 Kf7 35. Nd8+ Ke7 36. gxh4 Rg2 37. Bg5+ Kf8 38. Kg6 Nb6 39. Qf1+ Kg8 40. Qxg2 Nd7 41. Qh3 Nf8+ 42. Kf5 g6+ 43. Kf6 Nh7+ 44. Ke7 Nf8 45. Kxd6 Kg7 46. Ne6+ Nxe6 47. Qxe6 Kf8 48. Bh6# 1-0

[Event "4NCL Online Division 7"]
[Site "online"]
[Date "2021.03.23"]
[EventDate "2021.03.23"]
[Round "5.54"]
[White "Majeremane, Adolph"]
[WhiteElo "1717"]
[WhiteTeam "RCSI Team 1"]
[Black "Garrood, Anthony"]
[BlackElo "1411"]
[BlackTeam "Guildford Castles 3"]
[Result "1-0"]
[PlyCount "71"]

1. c4 Nf6 2. Nc3 g6 3. e4 e5 4. g3 Bg7 5. Bg2 O-O 6. Nge2 Nc6 7. O-O d6 8. d3 Bg4 9. h3 Be6 10. Be3 Qd7 11. Kh2 Nh5 12. f4 exf4 13. Nxf4 Nxf4 14. Bxf4 h6 15. Qd2 g5 16. Be3 Ne5 17. Nd5 f6 18. Rf2 c6 19. Nc3 Kh7 20. Raf1 g4 21. h4 a6 22. b3 b5 23. d4 Nf3+ 24. Bxf3 gxf3 25. Rxf3 bxc4 26. d5 Bg4 27. Rf4 cxd5 28. Nxd5 c3 29. Qxc3 f5 30. Qd3 Rab8 31. exf5 Bh5 32. f6+ Bg6 33. fxg7 Rxf4 34. Rxf4 Qxg7 35. Qxa6 Qb2+ 36. Rf2 1-0